00249 a2200109 4500001000700000020000600007040001100013100004100024240003500065245003000100362000900130164967 a  cMagnum aBocayuva, Pedro Claudio Cunca Et Al.10aAfinal, que pais e este ?lpor10aAfinal, que pais e este ?0 a1899